000
00315nam a22001337a 4500
041
_a
ENG
100
_a
Balagurusamy E
245
_a
Object-Oriented Programmin With C++
250
_a
second Ed
260
_a
Delhi
_b
Tata Mcgraw -Hill Pub
_c
2001
300
_a
533
650
_a
Competitive Exam
856
_u
Computer
999
_c
711
_d
711